[Event "ODJM A 2025"]
[Site "Willingen GER"]
[Date "2025.06.09"]
[Round "3"]
[White "Uhlmann, Jonas"]
[Black "Heilig, Tim Markus"]
[Result "1-0"]
[Termination "normal"]
[Board "37"]
[WhiteElo "1876"]
[BlackElo "1926"]
[WhiteClock "01:21:06"]
[BlackClock "00:01:09"]
[PlyCount "71"]
[WhiteFideId "16258576"]
[BlackFideId "16295935"]
[EventCountry "GER"]
[EventRounds "9"]
[EventType "swiss"]
[EventDate "2025.06.07"]

1. e4 {[%clk 01:30:56]} {[%emt 00:00:03]} e5 {[%clk 01:30:54]} {[%emt
00:00:08]} 2. Nf3 {[%clk 01:31:20]} {[%emt 00:00:03]} Nc6 {[%clk 01:31:19]}
{[%emt 00:00:05]} 3. Bc4 {[%clk 01:31:42]} {[%emt 00:00:08]} Nf6 {[%clk
01:31:37]} {[%emt 00:00:14]} 4. d4 {[%clk 01:31:58]} {[%emt 00:00:12]} exd4
{[%clk 01:31:02]} {[%emt 00:01:05]} 5. e5 {[%clk 01:32:19]} {[%emt 00:00:08]}
d5 {[%clk 01:31:23]} {[%emt 00:00:09]} 6. Bb5 {[%clk 01:32:37]} {[%emt
00:00:13]} Ne4 {[%clk 01:31:46]} {[%emt 00:00:07]} 7. Nxd4 {[%clk 01:32:58]}
{[%emt 00:00:08]} Bd7 {[%clk 01:30:09]} {[%emt 00:02:08]} 8. Bxc6 {[%clk
01:31:30]} {[%emt 00:01:58]} bxc6 {[%clk 01:29:33]} {[%emt 00:01:06]} 9. O-O
{[%clk 01:31:55]} {[%emt 00:00:05]} Bc5 {[%clk 01:27:14]} {[%emt 00:02:50]} 10.
f3 {[%clk 01:32:13]} {[%emt 00:00:11]} Ng5 {[%clk 01:26:53]} {[%emt 00:00:50]}
11. f4 {[%clk 01:32:29]} {[%emt 00:00:14]} Ne4 {[%clk 01:25:18]} {[%emt
00:02:05]} 12. Be3 {[%clk 01:32:46]} {[%emt 00:00:13]} Rb8 {[%clk 01:11:45]}
{[%emt 00:14:02]} 13. Nd2 {[%clk 01:32:37]} {[%emt 00:00:40]} Bxd4 {[%clk
00:56:31]} {[%emt 00:15:44]} 14. Bxd4 {[%clk 01:31:24]} {[%emt 00:01:42]} Bf5
{[%clk 00:56:38]} {[%emt 00:00:23]} 15. Nxe4 {[%clk 01:31:27]} {[%emt
00:00:28]} dxe4 {[%clk 00:45:45]} {[%emt 00:11:22]} 16. Bxa7 {[%clk 01:25:24]}
{[%emt 00:06:33]} Rxb2 {[%clk 00:36:37]} {[%emt 00:09:37]} 17. Qxd8+ {[%clk
01:23:38]} {[%emt 00:02:18]} Kxd8 {[%clk 00:37:01]} {[%emt 00:00:06]} 18. a4
{[%clk 01:23:27]} {[%emt 00:00:41]} Ke7 {[%clk 00:30:02]} {[%emt 00:07:29]} 19.
c4 {[%clk 01:22:27]} {[%emt 00:01:30]} Rd8 {[%clk 00:26:17]} {[%emt 00:04:15]}
20. a5 {[%clk 01:21:18]} {[%emt 00:01:39]} Rdd2 {[%clk 00:14:59]} {[%emt
00:11:47]} 21. Rf2 {[%clk 01:21:33]} {[%emt 00:00:15]} Rxf2 {[%clk 00:12:47]}
{[%emt 00:02:44]} 22. Bxf2 {[%clk 01:21:41]} {[%emt 00:00:20]} Bc8 {[%clk
00:11:24]} {[%emt 00:01:53]} 23. Bc5+ {[%clk 01:20:47]} {[%emt 00:01:25]} Kd7
{[%clk 00:05:06]} {[%emt 00:06:48]} 24. a6 {[%clk 01:21:00]} {[%emt 00:00:17]}
Rc2 {[%clk 00:05:11]} {[%emt 00:00:24]} 25. a7 {[%clk 01:20:52]} {[%emt
00:00:38]} Bb7 {[%clk 00:05:35]} {[%emt 00:00:06]} 26. Rd1+ {[%clk 01:18:51]}
{[%emt 00:02:31]} Kc8 {[%clk 00:02:51]} {[%emt 00:03:14]} 27. Be7 {[%clk
01:18:56]} {[%emt 00:00:25]} Ba8 {[%clk 00:03:12]} {[%emt 00:00:10]} 28. Rd8+
{[%clk 01:19:17]} {[%emt 00:00:08]} Kb7 {[%clk 00:03:36]} {[%emt 00:00:06]} 29.
Bc5 {[%clk 01:19:41]} {[%emt 00:00:07]} Rxc4 {[%clk 00:02:53]} {[%emt
00:01:13]} 30. Rb8+ {[%clk 01:19:54]} {[%emt 00:00:17]} Ka6 {[%clk 00:03:04]}
{[%emt 00:00:19]} 31. Be3 {[%clk 01:20:12]} {[%emt 00:00:11]} c5 {[%clk
00:00:57]} {[%emt 00:02:36]} 32. Rxa8 {[%clk 01:20:33]} {[%emt 00:00:11]} Rc3
{[%clk 00:00:56]} {[%emt 00:00:31]} 33. Kf2 {[%clk 01:20:21]} {[%emt 00:00:41]}
Rc2+ {[%clk 00:01:02]} {[%emt 00:00:24]} 34. Ke1 {[%clk 01:20:46]} {[%emt
00:00:05]} Kb7 {[%clk 00:00:47]} {[%emt 00:00:46]} 35. Rf8 {[%clk 01:20:41]}
{[%emt 00:00:34]} Kxa7 {[%clk 00:01:09]} {[%emt 00:00:08]} 36. Rxf7 {[%clk
01:21:06]} {[%emt 00:00:05]} 1-0

[Event "ODJM A 2025"]
[Site "Willingen GER"]
[Date "2025.06.09"]
[Round "3"]
[White "Tulchynsky, Mark"]
[Black "Hoffmann, Alexander"]
[Result "1-0"]
[Termination "normal"]
[Board "38"]
[WhiteElo "1810"]
[BlackElo "1907"]
[WhiteClock "00:03:07"]
[BlackClock "00:07:29"]
[PlyCount "109"]
[WhiteFideId "34617698"]
[BlackFideId "16240219"]
[EventCountry "GER"]
[EventRounds "9"]
[EventType "swiss"]
[EventDate "2025.06.07"]

1. e4 {[%clk 01:30:58]} c5 {[%clk 01:30:53]} {[%emt 00:00:10]} 2. Nf3 {[%clk
01:31:23]} {[%emt 00:00:03]} e6 {[%clk 01:31:11]} {[%emt 00:00:11]} 3. g3
{[%clk 01:31:44]} {[%emt 00:00:08]} g6 {[%clk 01:30:18]} {[%emt 00:01:23]} 4.
Bg2 {[%clk 01:31:30]} {[%emt 00:00:43]} Bg7 {[%clk 01:30:38]} {[%emt 00:00:11]}
5. d4 {[%clk 01:31:41]} {[%emt 00:00:19]} cxd4 {[%clk 01:28:02]} {[%emt
00:03:05]} 6. Nxd4 {[%clk 01:32:05]} {[%emt 00:00:07]} a6 {[%clk 01:26:55]}
{[%emt 00:01:37]} 7. O-O {[%clk 01:31:56]} {[%emt 00:00:39]} Ne7 {[%clk
01:26:31]} {[%emt 00:00:54]} 8. Be3 {[%clk 01:30:24]} {[%emt 00:02:02]} Nbc6
{[%clk 01:22:23]} {[%emt 00:04:38]} 9. c3 {[%clk 01:25:51]} {[%emt 00:05:03]}
O-O {[%clk 01:20:49]} {[%emt 00:02:04]} 10. Nd2 {[%clk 01:18:43]} {[%emt
00:07:37]} d5 {[%clk 01:13:03]} {[%emt 00:08:16]} 11. N2b3 {[%clk 01:07:18]}
{[%emt 00:11:55]} dxe4 {[%clk 01:06:28]} {[%emt 00:07:05]} 12. Bxe4 {[%clk
01:07:39]} {[%emt 00:00:09]} Nd5 {[%clk 01:04:47]} {[%emt 00:02:12]} 13. Qe2
{[%clk 01:02:15]} {[%emt 00:05:53]} Nxe3 {[%clk 00:56:31]} {[%emt 00:08:46]}
14. Qxe3 {[%clk 01:02:14]} {[%emt 00:00:31]} Ne5 {[%clk 00:51:15]} {[%emt
00:05:46]} 15. Rfd1 {[%clk 00:53:55]} {[%emt 00:08:49]} Qc7 {[%clk 00:48:25]}
{[%emt 00:03:21]} 16. Nd2 {[%clk 00:44:23]} {[%emt 00:10:01]} Rb8 {[%clk
00:47:35]} {[%emt 00:01:21]} 17. Rac1 {[%clk 00:35:39]} {[%emt 00:09:14]} Bd7
{[%clk 00:40:01]} {[%emt 00:08:04]} 18. N2f3 {[%clk 00:31:08]} {[%emt
00:05:01]} Ng4 {[%clk 00:34:27]} {[%emt 00:06:04]} 19. Qe2 {[%clk 00:31:16]}
{[%emt 00:00:22]} f5 {[%clk 00:29:47]} {[%emt 00:05:09]} 20. Bc2 {[%clk
00:27:21]} {[%emt 00:04:25]} e5 {[%clk 00:23:40]} {[%emt 00:06:37]} 21. Bb3+
{[%clk 00:26:52]} {[%emt 00:00:59]} Kh8 {[%clk 00:23:50]} 22. Ne6 {[%clk
00:25:58]} {[%emt 00:01:44]} Bxe6 {[%clk 00:24:00]} 23. Bxe6 {[%clk 00:26:26]}
{[%emt 00:00:22]} Rbe8 {[%clk 00:23:53]} 24. Bb3 {[%clk 00:09:39]} {[%emt
00:17:54]} Nf6 {[%clk 00:20:11]} 25. Re1 {[%clk 00:04:09]} {[%emt 00:10:12]}
Ne4 {[%clk 00:19:25]} 26. Bd5 {[%clk 00:03:18]} {[%emt 00:02:37]} Nc5 {[%clk
00:17:08]} 27. b4 {[%clk 00:02:55]} {[%emt 00:03:41]} Rd8 {[%clk 00:07:22]} 28.
c4 {[%clk 00:02:10]} {[%emt 00:11:31]} e4 {[%clk 00:06:11]} 29. bxc5 {[%clk
00:02:08]} {[%emt 00:02:13]} exf3 {[%clk 00:06:36]} 30. Qxf3 {[%clk 00:02:08]}
Qxc5 {[%clk 00:06:36]} 31. Bxb7 {[%clk 00:02:07]} {[%emt 00:02:30]} Rd2 {[%clk
00:06:05]} 32. Re2 {[%clk 00:02:07]} Rxe2 {[%clk 00:06:05]} 33. Bxa6 {[%clk
00:02:07]} Rd8 {[%clk 00:06:05]} 34. Qxe2 {[%clk 00:02:07]} Qa3 {[%clk
00:06:05]} 35. Rd1 {[%clk 00:02:07]} Rf8 {[%clk 00:06:05]} 36. Bb5 {[%clk
00:02:07]} f4 {[%clk 00:06:05]} 37. gxf4 {[%clk 00:02:07]} Qh3 {[%clk
00:06:05]} 38. Rd3 {[%clk 00:01:20]} {[%emt 00:09:06]} Qf5 {[%clk 00:04:24]}
39. Qe3 {[%clk 00:01:25]} {[%emt 00:00:52]} Qg4+ {[%clk 00:03:34]} 40. Kf1
{[%clk 00:01:01]} {[%emt 00:02:15]} h5 {[%clk 00:03:00]} 41. f5 {[%clk
00:15:24]} {[%emt 00:17:11]} Qxf5 {[%clk 00:31:11]} 42. c5 {[%clk 00:14:21]}
{[%emt 00:03:52]} Kh7 {[%clk 00:24:23]} {[%emt 00:07:18]} 43. a4 {[%clk
00:12:14]} {[%emt 00:02:37]} Rf7 {[%clk 00:22:04]} {[%emt 00:02:49]} 44. c6
{[%clk 00:09:11]} {[%emt 00:03:33]} Bh6 {[%clk 00:21:16]} {[%emt 00:01:17]} 45.
Qe2 {[%clk 00:07:26]} {[%emt 00:02:17]} Bg7 {[%clk 00:15:49]} {[%emt 00:05:56]}
46. Rd7 {[%clk 00:07:28]} {[%emt 00:00:28]} Qh3+ {[%clk 00:15:20]} {[%emt
00:00:58]} 47. Kg1 {[%clk 00:06:34]} {[%emt 00:01:25]} Rf5 {[%clk 00:13:04]}
{[%emt 00:02:46]} 48. Qe3 {[%clk 00:04:13]} {[%emt 00:02:51]} Qg4+ {[%clk
00:09:44]} {[%emt 00:03:50]} 49. Qg3 {[%clk 00:03:55]} {[%emt 00:00:47]} Qb4
{[%clk 00:09:31]} {[%emt 00:00:44]} 50. Bd3 {[%clk 00:03:36]} {[%emt 00:00:50]}
Rf6 {[%clk 00:08:05]} {[%emt 00:01:56]} 51. c7 {[%clk 00:03:46]} {[%emt
00:00:21]} Qe1+ {[%clk 00:07:22]} {[%emt 00:01:13]} 52. Kg2 {[%clk 00:03:58]}
{[%emt 00:00:17]} Qc1 {[%clk 00:07:46]} {[%emt 00:00:06]} 53. Rd8 {[%clk
00:02:30]} {[%emt 00:01:58]} Qc6+ {[%clk 00:07:51]} {[%emt 00:00:24]} 54. f3
{[%clk 00:02:54]} {[%emt 00:00:07]} Rxf3 {[%clk 00:07:29]} {[%emt 00:00:52]}
55. Qxg6+ {[%clk 00:03:07]} {[%emt 00:00:17]} 1-0

[Event "ODJM A 2025"]
[Site "Willingen GER"]
[Date "2025.06.11"]
[Round "5"]
[White "Weber, Samuel"]
[Black "Kololli, Martin"]
[Result "0-1"]
[Termination "normal"]
[Board "1"]
[WhiteTitle "FM"]
[BlackTitle "FM"]
[WhiteElo "2262"]
[BlackElo "2311"]
[WhiteClock "00:02:21"]
[BlackClock "00:09:34"]
[PlyCount "132"]
[WhiteFideId "12924008"]
[BlackFideId "12936910"]
[EventCountry "GER"]
[EventRounds "9"]
[EventType "swiss"]
[EventDate "2025.06.07"]

1. e4 {[%clk 01:30:57]} {[%emt 00:00:02]} e5 {[%clk 01:30:55]} {[%emt
00:00:06]} 2. Nc3 {[%clk 01:31:21]} {[%emt 00:00:04]} Nf6 {[%clk 01:31:09]}
{[%emt 00:00:17]} 3. f4 {[%clk 01:31:08]} {[%emt 00:00:43]} d5 {[%clk
01:31:31]} {[%emt 00:00:07]} 4. fxe5 {[%clk 01:31:33]} {[%emt 00:00:06]} Nxe4
{[%clk 01:31:57]} {[%emt 00:00:04]} 5. Qf3 {[%clk 01:31:43]} {[%emt 00:00:20]}
Nxc3 {[%clk 01:22:24]} {[%emt 00:10:03]} 6. dxc3 {[%clk 01:29:03]} {[%emt
00:03:10]} Qh4+ {[%clk 01:14:39]} {[%emt 00:08:14]} 7. g3 {[%clk 01:27:36]}
{[%emt 00:01:58]} Qe4+ {[%clk 01:10:23]} {[%emt 00:04:46]} 8. Qxe4 {[%clk
01:27:51]} {[%emt 00:00:14]} dxe4 {[%clk 01:10:49]} {[%emt 00:00:05]} 9. Bg2
{[%clk 01:19:42]} {[%emt 00:08:39]} Bf5 {[%clk 01:08:29]} {[%emt 00:02:50]} 10.
Ne2 {[%clk 01:15:33]} {[%emt 00:04:40]} Nc6 {[%clk 00:58:33]} {[%emt 00:10:25]}
11. Nd4 {[%clk 01:09:44]} {[%emt 00:06:18]} Bg6 {[%clk 00:50:01]} {[%emt
00:09:03]} 12. Nxc6 {[%clk 01:03:57]} {[%emt 00:06:16]} bxc6 {[%clk 00:50:26]}
{[%emt 00:00:06]} 13. Be3 {[%clk 01:04:24]} {[%emt 00:00:03]} O-O-O {[%clk
00:49:01]} {[%emt 00:01:55]} 14. c4 {[%clk 00:51:48]} {[%emt 00:13:06]} Re8
{[%clk 00:43:03]} {[%emt 00:06:29]} 15. Bh3+ {[%clk 00:45:36]} {[%emt
00:06:42]} Kb7 {[%clk 00:42:17]} {[%emt 00:01:17]} 16. O-O-O {[%clk 00:33:06]}
{[%emt 00:12:59]} f5 {[%clk 00:27:26]} {[%emt 00:15:20]} 17. exf6 {[%clk
00:28:03]} {[%emt 00:05:33]} gxf6 {[%clk 00:27:40]} {[%emt 00:00:16]} 18. Rhf1
{[%clk 00:28:03]} {[%emt 00:00:30]} Be7 {[%clk 00:21:59]} {[%emt 00:06:12]} 19.
Rd7 {[%clk 00:24:59]} {[%emt 00:03:35]} h5 {[%clk 00:19:27]} {[%emt 00:03:02]}
20. Bf4 {[%clk 00:19:09]} {[%emt 00:06:19]} Bd8 {[%clk 00:19:42]} {[%emt
00:00:15]} 21. Re1 {[%clk 00:17:53]} {[%emt 00:01:46]} f5 {[%clk 00:17:34]}
{[%emt 00:02:37]} 22. Re3 {[%clk 00:16:37]} {[%emt 00:01:46]} Rh7 {[%clk
00:16:16]} {[%emt 00:01:48]} 23. Rxh7 {[%clk 00:15:57]} {[%emt 00:01:10]} Bxh7
{[%clk 00:16:41]} {[%emt 00:00:04]} 24. Rb3+ {[%clk 00:16:17]} {[%emt
00:00:11]} Kc8 {[%clk 00:11:42]} {[%emt 00:05:28]} 25. Ra3 {[%clk 00:15:47]}
{[%emt 00:01:01]} Kb7 {[%clk 00:09:57]} {[%emt 00:02:15]} 26. Be3 {[%clk
00:16:00]} {[%emt 00:00:17]} a6 {[%clk 00:09:10]} {[%emt 00:01:17]} 27. Ra5
{[%clk 00:10:50]} {[%emt 00:05:40]} Rf8 {[%clk 00:06:32]} {[%emt 00:03:08]} 28.
b4 {[%clk 00:07:56]} {[%emt 00:03:24]} h4 {[%clk 00:05:52]} {[%emt 00:01:10]}
29. b5 {[%clk 00:08:14]} {[%emt 00:00:12]} cxb5 {[%clk 00:05:56]} {[%emt
00:00:27]} 30. cxb5 {[%clk 00:08:39]} {[%emt 00:00:05]} axb5 {[%clk 00:06:01]}
{[%emt 00:00:24]} 31. Rxb5+ {[%clk 00:09:02]} {[%emt 00:00:07]} Kc6 {[%clk
00:06:02]} {[%emt 00:00:29]} 32. a4 {[%clk 00:07:52]} {[%emt 00:01:40]} hxg3
33. hxg3 {[%clk 00:08:21]} Be7 {[%clk 00:06:38]} {[%emt 00:00:15]} 34. Bf4
{[%clk 00:07:29]} {[%emt 00:01:23]} Bd6 {[%clk 00:06:21]} {[%emt 00:00:47]} 35.
Kd2 {[%clk 00:06:54]} {[%emt 00:01:04]} Ra8 {[%clk 00:06:14]} {[%emt 00:00:38]}
36. Bf1 {[%clk 00:05:12]} {[%emt 00:02:12]} Rxa4 {[%clk 00:05:05]} {[%emt
00:01:39]} 37. Rb8 {[%clk 00:05:33]} {[%emt 00:00:09]} Bxf4+ {[%clk 00:04:49]}
{[%emt 00:00:47]} 38. gxf4 {[%clk 00:05:58]} {[%emt 00:00:05]} Ra1 {[%clk
00:04:42]} {[%emt 00:00:36]} 39. Bb5+ {[%clk 00:05:56]} {[%emt 00:00:32]} Kc5
{[%clk 00:05:01]} {[%emt 00:00:10]} 40. Bd7 {[%clk 00:00:40]} {[%emt 00:05:47]}
Kd6 {[%clk 00:03:26]} {[%emt 00:02:05]} 41. Rh8 {[%clk 00:23:47]} {[%emt
00:07:22]} Kxd7 {[%clk 00:32:04]} {[%emt 00:01:52]} 42. Rxh7+ {[%clk 00:24:06]}
{[%emt 00:00:11]} Ke6 {[%clk 00:29:22]} {[%emt 00:03:13]} 43. Rh6+ {[%clk
00:20:35]} {[%emt 00:04:01]} Kf7 {[%clk 00:26:29]} {[%emt 00:03:22]} 44. Ke2
{[%clk 00:17:37]} {[%emt 00:03:28]} Ra3 {[%clk 00:23:08]} {[%emt 00:03:52]} 45.
Rc6 {[%clk 00:13:24]} {[%emt 00:04:43]} Rf3 {[%clk 00:22:59]} {[%emt 00:00:39]}
46. c4 {[%clk 00:07:54]} {[%emt 00:06:00]} Ke7 {[%clk 00:22:14]} {[%emt
00:01:14]} 47. c5 {[%clk 00:07:29]} {[%emt 00:00:55]} Kd7 {[%clk 00:19:58]}
{[%emt 00:02:47]} 48. Rf6 {[%clk 00:04:57]} {[%emt 00:03:01]} Rxf4 {[%clk
00:20:08]} {[%emt 00:00:20]} 49. Ke3 {[%clk 00:05:27]} Rf3+ {[%clk 00:19:51]}
{[%emt 00:00:47]} 50. Kd4 {[%clk 00:05:14]} {[%emt 00:00:43]} e3 {[%clk
00:18:00]} {[%emt 00:02:22]} 51. Kd5 {[%clk 00:04:14]} {[%emt 00:01:30]} e2
{[%clk 00:14:46]} {[%emt 00:03:44]} 52. c6+ {[%clk 00:04:18]} {[%emt 00:00:25]}
Kd8 {[%clk 00:15:03]} {[%emt 00:00:13]} 53. Re6 {[%clk 00:04:39]} {[%emt
00:00:09]} Rd3+ {[%clk 00:08:31]} {[%emt 00:07:02]} 54. Kc4 {[%clk 00:04:25]}
{[%emt 00:00:44]} Rd2 {[%clk 00:08:22]} {[%emt 00:00:40]} 55. Kc3 {[%clk
00:04:25]} {[%emt 00:00:29]} Ra2 {[%clk 00:07:57]} {[%emt 00:00:56]} 56. Kb3
{[%clk 00:02:35]} {[%emt 00:02:20]} f4 {[%clk 00:07:36]} {[%emt 00:00:51]} 57.
Kxa2 {[%clk 00:03:04]} {[%emt 00:00:01]} f3 {[%clk 00:08:01]} {[%emt 00:00:05]}
58. Kb3 {[%clk 00:03:17]} {[%emt 00:00:17]} f2 {[%clk 00:08:24]} {[%emt
00:00:06]} 59. Rxe2 {[%clk 00:03:41]} {[%emt 00:00:07]} f1=Q {[%clk 00:08:48]}
{[%emt 00:00:05]} 60. Rc2 {[%clk 00:02:43]} {[%emt 00:01:28]} Qb5+ {[%clk
00:09:06]} {[%emt 00:00:12]} 61. Ka3 {[%clk 00:03:03]} {[%emt 00:00:10]} Ke7
{[%clk 00:09:12]} {[%emt 00:00:24]} 62. Rc3 {[%clk 00:03:22]} {[%emt 00:00:12]}
Kd6 {[%clk 00:09:26]} {[%emt 00:00:15]} 63. Ka2 {[%clk 00:02:03]} {[%emt
00:01:50]} Kd5 {[%clk 00:09:16]} {[%emt 00:00:39]} 64. Ka3 {[%clk 00:02:03]}
{[%emt 00:00:30]} Kd4 {[%clk 00:09:16]} {[%emt 00:00:30]} 65. Rc2 {[%clk
00:02:11]} {[%emt 00:00:23]} Kd3 {[%clk 00:09:13]} {[%emt 00:00:33]} 66. Rc1
{[%clk 00:02:21]} {[%emt 00:00:20]} Kd2 {[%clk 00:09:34]} {[%emt 00:00:09]} 0-1

[Event "ODJM A 2025"]
[Site "Willingen GER"]
[Date "2025.06.11"]
[Round "5"]
[White "Martin Fernandez, Rafael"]
[Black "Lutze, Max"]
[Result "0-1"]
[Termination "normal"]
[Board "2"]
[WhiteElo "1965"]
[BlackElo "2177"]
[WhiteClock "00:08:14"]
[BlackClock "00:09:50"]
[PlyCount "120"]
[WhiteFideId "34605550"]
[BlackFideId "34614850"]
[EventCountry "GER"]
[EventRounds "9"]
[EventType "swiss"]
[EventDate "2025.06.07"]

1. e4 {[%clk 01:30:57]} {[%emt 00:00:03]} c5 {[%clk 01:30:54]} {[%emt
00:00:06]} 2. Nf3 {[%clk 01:31:22]} {[%emt 00:00:05]} d6 {[%clk 01:31:20]}
{[%emt 00:00:04]} 3. d4 {[%clk 01:31:43]} {[%emt 00:00:08]} cxd4 {[%clk
01:31:45]} {[%emt 00:00:05]} 4. Nxd4 {[%clk 01:32:07]} {[%emt 00:00:07]} Nf6
{[%clk 01:32:11]} {[%emt 00:00:04]} 5. Nc3 {[%clk 01:32:29]} {[%emt 00:00:08]}
Nc6 {[%clk 01:32:37]} {[%emt 00:00:05]} 6. Bg5 {[%clk 01:32:14]} {[%emt
00:00:44]} e6 {[%clk 01:33:01]} {[%emt 00:00:05]} 7. Qd2 {[%clk 01:32:37]}
{[%emt 00:00:08]} a6 {[%clk 01:33:22]} {[%emt 00:00:09]} 8. Nxc6 {[%clk
01:31:34]} {[%emt 00:01:33]} bxc6 {[%clk 01:33:45]} {[%emt 00:00:06]} 9. O-O-O
{[%clk 01:31:52]} {[%emt 00:00:12]} Be7 {[%clk 01:32:44]} {[%emt 00:01:32]} 10.
Bxf6 {[%clk 01:30:06]} {[%emt 00:02:17]} gxf6 {[%clk 01:32:15]} {[%emt
00:00:58]} 11. Bc4 {[%clk 01:29:37]} {[%emt 00:00:59]} Bb7 {[%clk 01:31:10]}
{[%emt 00:01:35]} 12. Bb3 {[%clk 01:28:49]} {[%emt 00:01:17]} Qc7 {[%clk
01:29:25]} {[%emt 00:02:16]} 13. Kb1 {[%clk 01:25:40]} {[%emt 00:03:38]} O-O-O
{[%clk 01:27:39]} {[%emt 00:02:17]} 14. Rhe1 {[%clk 01:23:31]} {[%emt
00:02:39]} d5 {[%clk 01:15:40]} {[%emt 00:12:29]} 15. Qe3 {[%clk 01:14:00]}
{[%emt 00:10:00]} Bb4 {[%clk 00:58:05]} {[%emt 00:18:06]} 16. a3 {[%clk
01:09:19]} {[%emt 00:05:12]} Ba5 {[%clk 00:55:06]} {[%emt 00:03:28]} 17. exd5
{[%clk 01:03:33]} {[%emt 00:06:16]} cxd5 {[%clk 00:50:24]} {[%emt 00:05:11]}
18. Rd3 {[%clk 01:02:27]} {[%emt 00:01:37]} Kb8 {[%clk 00:44:36]} {[%emt
00:06:17]} 19. Red1 {[%clk 01:01:31]} {[%emt 00:01:25]} Bb6 {[%clk 00:40:58]}
{[%emt 00:04:09]} 20. Qe2 {[%clk 00:57:50]} {[%emt 00:04:11]} Qxh2 {[%clk
00:37:44]} {[%emt 00:03:45]} 21. Na4 {[%clk 00:53:19]} {[%emt 00:05:01]} Ba7
{[%clk 00:37:33]} {[%emt 00:00:41]} 22. Qf3 {[%clk 00:47:23]} {[%emt 00:06:24]}
Qe5 {[%clk 00:33:29]} {[%emt 00:04:34]} 23. Qg4 {[%clk 00:40:43]} {[%emt
00:07:10]} f5 {[%clk 00:23:00]} {[%emt 00:11:01]} 24. Qb4 {[%clk 00:39:13]}
{[%emt 00:01:59]} Rc8 {[%clk 00:20:06]} {[%emt 00:03:25]} 25. f3 {[%clk
00:36:54]} {[%emt 00:02:47]} Rc7 {[%clk 00:11:11]} {[%emt 00:09:26]} 26. c4
{[%clk 00:34:50]} {[%emt 00:02:34]} dxc4 {[%clk 00:09:03]} {[%emt 00:02:39]}
27. Bxc4 {[%clk 00:32:06]} {[%emt 00:03:14]} a5 {[%clk 00:08:25]} {[%emt
00:01:08]} 28. Qb3 {[%clk 00:25:05]} {[%emt 00:07:30]} Rhc8 {[%clk 00:06:40]}
{[%emt 00:02:17]} 29. Rd7 {[%clk 00:24:23]} {[%emt 00:01:11]} Ka8 {[%clk
00:05:09]} {[%emt 00:02:01]} 30. Nb6+ {[%clk 00:17:30]} {[%emt 00:07:23]} Bxb6
{[%clk 00:04:15]} {[%emt 00:01:24]} 31. Qxb6 {[%clk 00:17:33]} {[%emt
00:00:28]} Qc5 {[%clk 00:03:59]} {[%emt 00:00:44]} 32. Qxc5 {[%clk 00:17:11]}
{[%emt 00:00:53]} Rxc5 {[%clk 00:04:28]} {[%emt 00:00:01]} 33. b3 {[%clk
00:15:14]} {[%emt 00:02:27]} R5c7 {[%clk 00:03:26]} {[%emt 00:01:32]} 34. a4
{[%clk 00:13:42]} {[%emt 00:02:01]} Bc6 {[%clk 00:03:11]} {[%emt 00:00:45]} 35.
R7d6 {[%clk 00:12:03]} {[%emt 00:02:09]} Kb7 {[%clk 00:03:22]} {[%emt
00:00:20]} 36. Rh1 {[%clk 00:11:14]} {[%emt 00:01:18]} Rg8 {[%clk 00:03:40]}
{[%emt 00:00:13]} 37. Rxh7 {[%clk 00:08:32]} {[%emt 00:03:11]} Rxg2 {[%clk
00:03:55]} {[%emt 00:00:15]} 38. Rh8 {[%clk 00:07:42]} {[%emt 00:01:20]} Bxf3
{[%clk 00:02:52]} {[%emt 00:01:33]} 39. Rdd8 {[%clk 00:07:15]} {[%emt
00:00:57]} Be4+ {[%clk 00:03:09]} {[%emt 00:00:13]} 40. Kc1 {[%clk 00:03:46]}
{[%emt 00:03:59]} Bd5 {[%clk 00:00:34]} {[%emt 00:03:06]} 41. Ra8 {[%clk
00:25:43]} {[%emt 00:08:33]} Bxc4 {[%clk 00:29:08]} {[%emt 00:01:56]} 42. Rhb8+
{[%clk 00:25:50]} {[%emt 00:00:22]} Kc6 {[%clk 00:29:30]} {[%emt 00:00:08]} 43.
bxc4 {[%clk 00:26:04]} {[%emt 00:00:16]} Kd7 {[%clk 00:29:27]} {[%emt
00:00:33]} 44. Rxa5 {[%clk 00:25:23]} {[%emt 00:01:11]} Rxc4+ {[%clk 00:29:49]}
{[%emt 00:00:08]} 45. Kb1 {[%clk 00:25:19]} {[%emt 00:03:44]} Re4 {[%clk
00:21:53]} {[%emt 00:10:20]} 46. Ra7+ {[%clk 00:23:55]} {[%emt 00:01:54]} Kd6
{[%clk 00:21:27]} {[%emt 00:00:56]} 47. Rd8+ {[%clk 00:23:29]} {[%emt
00:00:55]} Ke5 {[%clk 00:21:36]} {[%emt 00:00:21]} 48. Rd1 {[%clk 00:23:09]}
{[%emt 00:00:50]} f6 {[%clk 00:21:26]} {[%emt 00:00:41]} 49. Ra8 {[%clk
00:22:07]} {[%emt 00:01:33]} Rb4+ {[%clk 00:19:16]} {[%emt 00:02:38]} 50. Ka1
{[%clk 00:21:17]} {[%emt 00:01:21]} Re4 {[%clk 00:10:57]} {[%emt 00:08:49]} 51.
Kb1 {[%clk 00:21:07]} {[%emt 00:00:40]} Rge2 {[%clk 00:10:16]} {[%emt
00:01:11]} 52. Rdd8 {[%clk 00:18:54]} {[%emt 00:02:43]} Rd4 {[%clk 00:09:41]}
{[%emt 00:01:05]} 53. a5 {[%clk 00:18:43]} {[%emt 00:00:41]} Rb4+ {[%clk
00:08:35]} {[%emt 00:01:36]} 54. Kc1 {[%clk 00:18:42]} {[%emt 00:00:29]} Ra4
{[%clk 00:08:54]} {[%emt 00:00:13]} 55. Kb1 {[%clk 00:11:27]} {[%emt 00:07:45]}
f4 {[%clk 00:09:03]} {[%emt 00:00:21]} 56. Rdb8 {[%clk 00:10:03]} {[%emt
00:01:53]} f3 {[%clk 00:08:51]} {[%emt 00:00:43]} 57. Rb5+ {[%clk 00:10:16]}
{[%emt 00:00:17]} Kf4 {[%clk 00:09:10]} {[%emt 00:00:10]} 58. Rh8 {[%clk
00:08:30]} {[%emt 00:02:16]} f2 {[%clk 00:09:12]} {[%emt 00:00:30]} 59. Rh4+
{[%clk 00:07:59]} {[%emt 00:01:00]} Kg3 {[%clk 00:09:35]} {[%emt 00:00:06]} 60.
Rxa4 {[%clk 00:08:14]} {[%emt 00:00:16]} f1=Q# {[%clk 00:09:50]} {[%emt
00:00:14]} 0-1